01001nam a2200229 a 450000500170000000800410001702000180005804000350007604100080011104400070011908200180012624502220014425000220036626000870038830000580047565000670053365000380060065000300063865000270066870000410069570000350073620180725120020.0150805s2014 ck a gr 00010 spa d a9789585777583 aCO-BoBLA cCO-BoBLAdCO-BoIAVH aspa ack04a303.483bP42c00aPercepciones de las ciencias y las tecnologías en Colombia. Resultados de la III encuesta nacional de percepción pública de la ciencia y la tecnología / ceditado por Sandra Daza-Caicedo y Marcela Lozano-Borda aPrimera edición aBogotá (Colombia) : bObservatorio Colombiano de Ciencia y Tecnología, c2014. a388 páginas : bgráficas y tablas ; c24 x 17 cm.26aCiencia y desarrolloxOpinión públicazColombiavEncuestas26aPolítica científicazColombia26aInvestigaciónzColombia26aInnovaciónzColombia1 aDaza-Caicedo, Sandrad1976-eeditora1 aLozano-Borda, Marcelaeeditora